American authors today

保存先:
書誌詳細
第一著者: Burnett, Whit
フォーマット: 図書
言語:Undetermined
出版事項: New York, Estados Unidos Ginn and Company 1947
主題:
タグ: タグ追加
タグなし, このレコードへの初めてのタグを付けませんか!

MARC

LEADER 00000nam a2200000Ia 4500
008 170316s9999 xx 000 0 und d
040 |a cru BVZT 
090 |a A-810 B-4a 
100 |a Burnett, Whit 
245 |a American authors today 
260 |a New York, Estados Unidos 
260 |b Ginn and Company 
260 |c 1947 
300 |a 559 páginas 
650 |a LITERATURA ESTADOUNIDENSE 
650 |a ANTOLOGÍA 
999 |c 12239  |d 12239 
942 |c 15 D  |h A-810 B-4a  |2 z